|
|
|
|
| LEADER |
00877cmm a2200325 i 4500 |
| 001 |
000049954 |
| 003 |
10130 |
| 005 |
20030212083202.0 |
| 008 |
010426|1996 vm 000 eng |
| 020 |
|
|
|a 0314071350
|
| 040 |
|
|
|a IRC
|c IRC
|d IRC
|
| 041 |
0 |
|
|a eng
|
| 082 |
1 |
4 |
|a 658.3002854165
|b BE-N
|
| 100 |
1 |
|
|a Beutell, Nicholas J.
|
| 245 |
0 |
0 |
|a PC projects for human resource management
|h [Float Disk-Đĩa mềm /
|c Nicholas J. Beutell]
|
| 250 |
|
|
|a 3rd ed.
|
| 260 |
|
|
|a St. Paul, MN :
|b West,
|c 1996.
|
| 300 |
|
|
|a 1 computer disk ;
|c 3 1/2 in.
|
| 630 |
0 |
4 |
|a Personnel management.
|
| 650 |
0 |
4 |
|a Personnel management
|x Data processing.
|
| OWN |
|
|
|a DUT
|
| 999 |
|
|
|a From the UDN01
|
| TYP |
|
|
|a Computer file
|
| TYP |
|
|
|a Monograph
|
| 980 |
|
|
|a Mạng thư viện Đại học Đà Nẵng
|